Personnages One Piece - Statistiques

Statistiques générales
  • Ce quiz a été pris 69 fois
    60 depuis la dernière actualisation
  • Le résultat moyen est 167 sur 300
Statistiques - réponses
Réponse % Correct
Monkey D.Luffy
100%
Nami
96%
Nico Robin
96%
Roronoa Zoro
96%
Vinsmoke Sanji
96%
Brook
93%
Franky
93%
Jinbe
93%
Tony Tony Chopper
93%
Usopp
93%
Charlotte Linlin (Big Mom)
89%
Donquixote Doflamingo
89%
Boa Hancock
85%
Edward Newgate (Barbe Blanche)
85%
Kaido
85%
Shanks
85%
Baggy
81%
Bartholomew Kuma
81%
Charlotte Katakuri
81%
Dracule Mihawk
81%
Eustass Kid
81%
Kizaru
81%
Kuzan
81%
Marco
81%
Marshall D.Teach (Barbe Noire)
81%
Sabo
81%
Smoker
81%
Tashigi
81%
Trafalgar D.Water Law
81%
Basil Hawkins
78%
Bonclay
78%
Crocodile
78%
Doc Q
78%
Gecko Moria
78%
Gol D.Roger
78%
Jewelry Bonney
78%
Kaku
78%
Kinemon
78%
Magellan
78%
Monkey D.Garp
78%
Portgas D.Ace
78%
Rob Lucci
78%
Sakazuki
78%
Sengoku
78%
Apoo
74%
Aramaki
74%
Arlong
74%
Ben Beckman
74%
Brogy
74%
Capone Bege
74%
Dorry
74%
Emporio Ivankov
74%
Fujitora
74%
Hachi
74%
Hermep
74%
Icebarg
74%
Kalifa
74%
King
74%
Kozuki Oden
74%
Kuro
74%
Monkey D.Dragon
74%
Nefertari Cobra
74%
Nefertari Vivi
74%
Neptune
74%
Queen
74%
Rebecca
74%
Silvers Rayleigh
74%
Spandam
74%
Urouge
74%
Van Augur
74%
Wapol
74%
Absalom
70%
Boa Marigold
70%
Caesar Clown
70%
Charlotte Brûlée
70%
Charlotte Pudding
70%
Don Krieg
70%
Enel
70%
Hiluluk
70%
Hody Jones
70%
Izo
70%
Jesus Burgess
70%
Joz
70%
Killer
70%
Kozuki Momonosuke
70%
Morgan
70%
Nojiko
70%
Perona
70%
Shirahoshi
70%
Tom
70%
Vegapunk
70%
Viola
70%
X Drake
70%
Yasopp
70%
Bartolomeo
67%
Black Maria
67%
Blueno
67%
Boa Sandersonia
67%
Carrot
67%
Crocus
67%
Curly Dadan
67%
Jabura
67%
Jack
67%
Jango
67%
Jean Bart
67%
Koala
67%
Kureha
67%
Pell
67%
Pica
67%
Trebol
67%
Tsuru
67%
Vista
67%
Zeff
67%
Alvida
63%
Bell-mère
63%
Bepo
63%
Camie
63%
Catarina Devon
63%
Charlotte Smoothie
63%
Chew
63%
Coby
63%
Dalton
63%
Diamante
63%
Donquixote Rosinante (Corazon)
63%
Kaya
63%
Laboon
63%
Léo
63%
Makino
63%
Monet
63%
Page One
63%
Yamato
63%
Bellamy
59%
Cabaji
59%
Cavendish
59%
Charlotte Cracker
59%
Charlotte Laura
59%
Charlotte Oven
59%
Daz Bones
59%
Fisher Tiger
59%
Foxy
59%
Fukuro
59%
Gin
59%
Hina
59%
Inazuma
59%
Inuarashi
59%
Kuina
59%
Kurozumi Kanjuro
59%
Kyros
59%
Lucky Roux
59%
Merry
59%
Mikita (Miss Valentine)
59%
Oz
59%
Sentomaru
59%
Shiliew
59%
Charlotte Chiffon
56%
Charlotte Perospero
56%
Conis
56%
Igaram
56%
Lafitte
56%
Mont Blanc Cricket
56%
Nekomamushi
56%
Ohm
56%
Paulie
56%
Pedro
56%
Raizo
56%
Rockstar
56%
Sugar
56%
Tama
56%
Vinsmoke Niji
56%
Vinsmoke Reiju
56%
Baby 5
52%
Charlotte Daifuku
52%
Charlotte Mont-d'Or
52%
Galdino
52%
Hack
52%
Kaloo
52%
Kohza
52%
Kokoro
52%
Kozuki Hiyori
52%
Kozuki Toki
52%
Mohji
52%
Momonga
52%
Nico Olvia
52%
Pearl
52%
Pekoms
52%
Sadi
52%
Saint Charlos
52%
Senor Pink
52%
Stussy
52%
Vergo
52%
Vinsmoke Ichiji
52%
Vinsmoke Yonji
52%
Wanda
52%
Who's Who
52%
Zala (Miss Doublefinger)
52%
Chimney
48%
Clover
48%
Dellinger
48%
Drophy (Miss Merry Christmas)
48%
Gedatsu
48%
Genzo
48%
Hogback
48%
Kawamatsu
48%
Kuroobi
48%
Lao G
48%
Marguerite
48%
Marianne (Miss Goldenweek)
48%
Vander Decken IX
48%
Vinsmoke Judge
48%
Wiper
48%
Buffalo
44%
Denjiro
44%
Fukaboshi
44%
Gem
44%
Hannyabal
44%
Karasu
44%
Kumadori
44%
Kurozumi Orochi
44%
Mansherry
44%
Patty
44%
Portgas D.Rouge
44%
Shiki
44%
Shura
44%
Aladdin
41%
Calgara
41%
Charlotte Opera
41%
Edward Weevil
41%
Gladius
41%
Jora
41%
Miss Monday
41%
Otohime
41%
Satori
41%
Squard
41%
Toko
41%
Zunesha
41%
Caribou
37%
Charlotte Amande
37%
Charlotte Flampe
37%
Charlotte Praline
37%
Gloriosa
37%
Hajrudin
37%
Heracles
37%
Hyogoro
37%
Jaguar D.Saul
37%
Machvise
37%
Pagaya
37%
Pappag
37%
Ryuboshi
37%
Ryuma
37%
Shinobu
37%
Speed
37%
Yasuie
37%
Zambai
37%
Chinjao
33%
Holdem
33%
Johnny
33%
Kiku
33%
Vinsmoke Sora
33%
Chahige
30%
Gaimon
30%
Gan Fall
30%
Kuromarimo
30%
Manboshi
30%
Satch
30%
Shakuyaku
30%
Shirley
30%
Victoria Cindry
30%
Yosaku
30%
Caramel
26%
Laki
26%
Masira
26%
Riku Doldo III
26%
Uta
26%
Charlotte Compote
22%
Charlotte Galette
22%
Donquixote Homing
22%
Kabu
22%
Mont Blanc Noland
22%
Scarlett
22%
Shachi
22%
Charlotte Pound
19%
Haredas
19%
Onimaru
19%
Pound
19%
Wadatsumi
19%
Blue Gilly
15%
Hattori
15%
Hyouzou
15%
Kozuki Sukiyaki
15%
Kumacy
15%
Mocha
15%
Doji
11%
Fukurokuju
11%
Hildon
11%
Sainte Sharlia
11%
Whitey Bay
11%
Gotti
7%
Kobato
7%
Raki
7%
Daikoku
4%
Aucun quiz correspondant
Distribution des résultats
% des personnes avec chaque résultat
Percentile par nombre de réponses
Votre historique - résultats
Vous n’avez pas pris ce quiz depuis la dernière actualisation